| 000 | 00715nam a2200181Ia 4500 | ||
|---|---|---|---|
| 003 | GCL | ||
| 008 | 140319s9999 xx 000 0 ara d | ||
| 040 |
_aGCL / _cGCL |
||
| 082 | 0 | 4 |
_a614.5912 _bص ا |
| 100 | 1 | _aصبحى عيد (مترجم) | |
| 245 | 1 | 0 |
_aامراض القلب وعلاجها: امراض , شرايين القلب, اسبابها, اعراضها, علاجها, وطرق الوقاية منها (هدية من الاديب عبدالفتاح الجمل) / _cصبحى عيد (مترجم) |
| 300 | _a96 ص | ||
| 490 |
_aمشكلة المراجع العلمية _v0 |
||
| 650 | 0 | 4 | _aالقلب |
| 650 | 0 | 4 | _aالشرايين والاوردة |
| 650 | 0 | 4 | _aالقلب، امراض |
| 942 |
_2ddc _cBK |
||
| 999 |
_c46970 _d46970 |
||